| 000 | 00391nam a22001217a 4500 | ||
|---|---|---|---|
| 008 | 150327b xxu||||| |||| 00| 0 eng d | ||
| 020 | _a9780071782289 (alk. paper) | ||
| 020 | _a0071782281 (alk. paper) | ||
| 041 | 0 | _aeng | |
| 080 | _a330.322 | ||
| 245 | 1 | 0 |
_aSurvival of the fittest for investors : _cDick Stoken. |
| 942 |
_2udc _cBK |
||
| 999 |
_c561 _d561 |
||